| 000 | 00837 a2200253 i 4500 | ||
|---|---|---|---|
| 001 | 493 | ||
| 003 | MePoLT | ||
| 005 | 20230511155525.0 | ||
| 008 | 230502b cb ||||| |||| 00| 0 eng d | ||
| 020 | _a9781407184630 | ||
| 040 |
_aMePoLT _cMePoLT _erda |
||
| 050 | _aPZ7 | ||
| 082 | _a823.92 | ||
| 090 | 4 | _aD6758 | |
| 100 | 1 | _aDonaldson, Julia. | |
| 245 | 1 | 0 | _aThe Ugly Five. |
| 264 | 1 |
_bAlison Green Books, _c2018. |
|
| 300 |
_a16 leaves of plates : _c23 x 30 cm. |
||
| 505 | _aK | ||
| 520 | _aFive of the ugliest animals set out on a fun and educational adventure to discover if anyone out there could possibly find them attractive. The plains of the savannah are home to some of the world's most majestic creatures, but this is not a book about them. | ||
| 521 | 8 |
_a620
_bLexile |
|
| 521 | 8 |
_aK
_bRaz-Plus |
|
| 942 |
_2ddc _cBK |
||
| 999 |
_c493 _d493 |
||